Izvestija Akademii pedagogičeskich nauk RSFSR Vypusk 113 Myšlenije i reč'
Uložené v:
| Médium: | Kniha |
|---|---|
| Jazyk: | Russian |
| Vydané: |
Moskva :
Izdatel'stvo Akademii pedagogičeskich nauk,
1960.
|
| ISBN: |
(viaz.) |
| Fyzický popis: |
226 s. |
| Tagy: |
Pridať tag
Žiadne tagy, Buďte prvý kto otaguje tento záznam!
|
Titul je dostupný aj v ... 

MARC
| LEADER | 00000nam a2200000 4500 | ||
|---|---|---|---|
| 001 | 000468521 | ||
| 003 | SVKKK | ||
| 005 | 20150508115103.0 | ||
| 008 | 100528s1960 ru rus | ||
| 020 | |a (viaz.) |c Kčs 12,70 | ||
| 040 | |a SVKKK |b slo |c SVKKK |e AACR2 | ||
| 041 | 0 | |a rus | |
| 044 | |a ru |c RU | ||
| 245 | 1 | 0 | |a Izvestija Akademii pedagogičeskich nauk RSFSR |n Vypusk 113 |p Myšlenije i reč' |c Trudy Instituta psichologii ; otv. red. F. I. Šemjakin. |
| 246 | 3 | 1 | |a Myšlenije i reč |
| 260 | |a Moskva : |b Izdatel'stvo Akademii pedagogičeskich nauk, |c 1960. | ||
| 300 | |a 226 s. | ||
| 700 | 1 | |a Šemjakin, F. I. |4 red | |
| 910 | |a svkkk | ||
| 998 | |a BK | ||
| 090 | |g SCKHL |k Sklad Pribinova 1. posch. |a IV.25341 |j 301106 |i 468521-10 |s Prezenčne | ||
| 924 | |a AVM | ||